[Event "Frauenbundesliga 2017-2018"]
[Site "Feffernitz, Grieskirchen, St. Veit/Glan"]
[Date "2018.04.08"]
[Round "9"]
[Board "2"]
[White "Bernhard, Julia"]
[Black "Landl, Margot"]
[Result "0-1"]
[WhiteElo "1803"]
[BlackElo "1903"]
[PlyCount "82"]
[EventDate "2017.11.24"]
[EventType "team"]
[EventRounds "9"]
[EventCountry "AUT"]
[WhiteTeam "Spg. Steyr"]
[BlackTeam "SC Extraherb WS"]

1.e4 e5 2.Nf3 Nc6 3.Bc4 Bc5 4.c3 Nf6 5.d4 exd4 6.e5 d5 7.Bb5 Ne4 8.cxd4 Bb6 9.O-O
O-O 10.Nc3 Bg4 11.Bxc6 bxc6 12.Be3 Nxc3 13.bxc3 f6 14.h3 Bxf3 15.gxf3 fxe5 16.dxe5
Bxe3 17.fxe3 Qg5+ 18.Kf2 Qxe5 19.Rg1 Rae8 20.Qd2 Qh2+ 21.Rg2 Qxh3 22.Rg3 Qh2+ 23.Rg2
Qh4+ 24.Rg3 Rf6 25.Rag1 Rg6 26.f4 Rxg3 27.Rxg3 Re6 28.Qb2 Rxe3 29.Qb8+ Kf7 30.Qxc7+
Re7 31.Qxc6 Qh2+ 32.Kf1 Qh1+ 33.Kf2 Qh2+ 34.Kf1 Qd2 35.Re3 Qxe3 36.Qxd5+ Qe6 37.Qh5+
Kg8 38.Qc5 Qe2+ 39.Kg1 Qg4+ 40.Kf1 Qf3+ 41.Kg1 Re1+ 0-1

[Event "Frauenbundesliga 2017-2018"]
[Site "Feffernitz, Grieskirchen, St. Veit/Glan"]
[Date "2018.04.08"]
[Round "9"]
[Board "3"]
[White "Zechner, Andrea"]
[Black "Molnar, Monika"]
[Result "1/2-1/2"]
[WhiteElo "1818"]
[BlackElo "1795"]
[PlyCount "86"]
[EventDate "2017.11.24"]
[EventType "team"]
[EventRounds "9"]
[EventCountry "AUT"]
[WhiteTeam "SC Extraherb WS"]
[BlackTeam "Spg. Steyr"]

1.d4 d5 2.Nf3 Nf6 3.c4 e6 4.Bg5 Be7 5.e3 h6 6.Bh4 Nbd7 7.Nc3 O-O 8.Bd3 c6 9.O-O b6
10.Qe2 Bb7 11.Rac1 Re8 12.Rfd1 a6 13.e4 dxc4 14.Bxc4 Nh7 15.Bxe7 Qxe7 16.e5 b5 17.Bd3
c5 18.Ne4 c4 19.Bb1 Bd5 20.Nd6 Red8 21.Qc2 Nhf8 22.Qe2 Nb6 23.Nd2 f5 24.b3 Nc8 25.bxc4
bxc4 26.N2xc4 Qg5 27.f3 Ng6 28.Kh1 Nf4 29.Qf2 Qh5 30.Nxc8 Rdxc8 31.Nb6 Rxc1 32.Rxc1
Rb8 33.Nxd5 Nxd5 34.Bd3 Qg5 35.Re1 a5 36.Bf1 Qe7 37.Qd2 Qa3 38.Rc1 Rb2 39.Rc2 Rxc2
40.Qxc2 Ne3 41.Qd3 Qc1 42.Kg1 Nxf1 43.Qxf1 Qe3+ 1/2-1/2

[Event "Frauenbundesliga 2017-2018"]
[Site "Feffernitz, Grieskirchen, St. Veit/Glan"]
[Date "2018.04.08"]
[Round "9"]
[Board "4"]
[White "Nagy, Laura"]
[Black "Mattersberger, Melanie"]
[Result "1/2-1/2"]
[WhiteElo "1803"]
[BlackElo "1678"]
[PlyCount "60"]
[EventDate "2017.11.24"]
[EventType "team"]
[EventRounds "9"]
[EventCountry "AUT"]
[WhiteTeam "Spg. Steyr"]
[BlackTeam "SC Extraherb WS"]

1.e4 e5 2.Nf3 Nc6 3.Bc4 Bc5 4.c3 Nf6 5.d3 d6 6.Nbd2 a6 7.Bb3 O-O 8.h3 Be6 9.Nf1 h6
10.Ng3 Qd7 11.Nh4 Ne7 12.Qf3 d5 13.Nhf5 Bxf5 14.Nxf5 Nxf5 15.exf5 e4 16.dxe4 dxe4
17.Qg3 Qxf5 18.Be3 Bd6 19.Qh4 Qh5 20.Qxh5 Nxh5 21.Bd5 c6 22.Bxe4 Rfe8 23.Bf3 Ng3 24.O-O-O
Nf5 25.Bd2 Bc5 26.Bg4 Nd6 27.Be1 Ne4 28.Rf1 Re7 29.f3 Nf6 30.Bf2 Bxf2 1/2-1/2

[Event "Frauenbundesliga 2017-2018"]
[Site "Feffernitz, Grieskirchen, St. Veit/Glan"]
[Date "2018.04.08"]
[Round "9"]
[Board "1"]
[White "Kordzadze, Nino"]
[Black "Borek, Jutta"]
[Result "0-1"]
[WhiteElo "1935"]
[BlackElo "2031"]
[PlyCount "93"]
[EventDate "2017.11.24"]
[EventType "team"]
[EventRounds "9"]
[EventCountry "AUT"]
[WhiteTeam "SK Baden"]
[BlackTeam "ASVOE Pamhagen"]

1.d4 Nf6 2.Nf3 e6 3.e3 d5 4.Bd3 c5 5.b3 cxd4 6.exd4 Nc6 7.O-O Be7 8.Bb2 O-O 9.Nbd2
Nb4 10.Be2 Ne4 11.a3 Nc6 12.Ne5 f5 13.Nxc6 bxc6 14.Nf3 Bd7 15.Ne5 Be8 16.Qd3 a5 17.c4
Bf6 18.Rac1 Rb8 19.b4 axb4 20.axb4 Bxe5 21.dxe5 c5 22.f3 Ng5 23.b5 f4 24.Ba3 Qb6 25.Kh1
d4 26.h4 Nf7 27.Qe4 Nh6 28.Qc2 Qd8 29.Bd3 Qxh4+ 30.Kg1 Nf5 31.Bxf5 Rxf5 32.Qf2 Qh6
33.Rfe1 Rh5 34.Kf1 d3 35.Red1 Rh1+ 36.Qg1 Qh2 37.Bxc5 Bg6 38.b6 Rxg1+ 39.Bxg1 Qh5
40.Bd4 Be8 41.Rxd3 Qh1+ 42.Bg1 Rxb6 43.Rd2 Rb8 44.Re1 h5 45.Ke2 Qxg2+ 46.Bf2 Rb3 47.Kd1 0-1

[Event "Frauenbundesliga 2017-2018"]
[Site "Feffernitz, Grieskirchen, St. Veit/Glan"]
[Date "2018.04.08"]
[Round "9"]
[Board "2"]
[White "Mira, Helene"]
[Black "Stallinger, Vanessa"]
[Result "1-0"]
[WhiteElo "2075"]
[BlackElo "1789"]
[PlyCount "79"]
[EventDate "2017.11.24"]
[EventType "team"]
[EventRounds "9"]
[EventCountry "AUT"]
[WhiteTeam "ASVOE Pamhagen"]
[BlackTeam "SK Baden"]

1.Nf3 Nf6 2.c4 g6 3.Nc3 Bg7 4.e4 d6 5.d4 O-O 6.Be2 Nbd7 7.O-O e5 8.Be3 Re8 9.d5 a5
10.Nd2 Nc5 11.b3 h5 12.h3 Bd7 13.a3 c6 14.b4 Na6 15.dxc6 bxc6 16.b5 Nc5 17.bxc6 Bxc6
18.Bxc5 dxc5 19.Nd5 Nd7 20.Rb1 Nf8 21.Rb2 Ne6 22.Qb1 Nd4 23.Nb3 Qd6 24.Qd3 Rab8 25.Rfb1
a4 26.Nxd4 Rxb2 27.Rxb2 cxd4 28.Rb4 Qd7 29.Bd1 f5 30.Qg3 Bxd5 31.cxd5 Qf7 32.Bxa4
Rc8 33.d6 Kh7 34.d7 Rd8 35.Qd3 fxe4 36.Qxe4 Qa2 37.Rb6 Qxa3 38.Qxg6+ Kg8 39.Bb3+ Kf8
40.Qf7# 1-0

[Event "Frauenbundesliga 2017-2018"]
[Site "Feffernitz, Grieskirchen, St. Veit/Glan"]
[Date "2018.04.08"]
[Round "9"]
[Board "3"]
[White "Panzenboeck, Sophie"]
[Black "Horvath, Reka"]
[Result "0-1"]
[WhiteElo "1509"]
[BlackElo "2053"]
[PlyCount "128"]
[EventDate "2017.11.24"]
[EventType "team"]
[EventRounds "9"]
[EventCountry "AUT"]
[WhiteTeam "SK Baden"]
[BlackTeam "ASVOE Pamhagen"]

1.d4 Nf6 2.Nf3 g6 3.g3 Bg7 4.Bg2 O-O 5.O-O d5 6.Re1 c5 7.c3 cxd4 8.cxd4 Nc6 9.Nc3
Ne4 10.e3 Bg4 11.Qb3 Nxc3 12.bxc3 Na5 13.Qb4 Bf5 14.Nd2 Bd3 15.e4 e6 16.exd5 exd5
17.Ba3 Bc4 18.Nxc4 Nxc4 19.Bc1 Nb6 20.Bf4 Rc8 21.Rab1 Re8 22.Bf1 Qd7 23.Bb5 Rxe1+
24.Rxe1 Qf5 25.Qa5 g5 26.Bd2 Qc2 27.Bxg5 h6 28.Rc1 Qb2 29.Be3 Bxd4 30.Bxd4 Qxc1+ 31.Kg2
Qb1 32.Be2 Re8 33.Bf3 Nc4 34.Qxd5 Nd2 35.Kh3 Nxf3 36.Qxf3 Qf1+ 37.Kh4 Qe2 38.Qf6 Qe7
39.Qxe7 Rxe7 40.Bxa7 Re4+ 41.Kh5 Ra4 42.Bd4 Kh7 43.Kg4 Rxa2 44.Kf5 b5 45.Ke4 Ra1 46.h4
Kg6 47.Kd5 Rb1 48.Be3 h5 49.Ke4 Rd1 50.Bd4 Re1+ 51.Kd3 Kf5 52.f3 Rd1+ 53.Ke2 Ra1 54.Kf2
Ra2+ 55.Kf1 Ke6 56.g4 Rh2 57.Bf2 hxg4 58.fxg4 Rh3 59.Be1 Ke5 60.Kg2 Rd3 61.Kf2 Kf4
62.g5 Kg4 63.Ke2 Rh3 64.Kd2 Rxh4 0-1

[Event "Frauenbundesliga 2017-2018"]
[Site "Feffernitz, Grieskirchen, St. Veit/Glan"]
[Date "2018.04.08"]
[Round "9"]
[Board "1"]
[White "Novkovic, Julia"]
[Black "Hiebler, Laura"]
[Result "0-1"]
[WhiteElo "2151"]
[BlackElo "2039"]
[PlyCount "84"]
[EventDate "2017.11.24"]
[EventType "team"]
[EventRounds "9"]
[EventCountry "AUT"]
[WhiteTeam "SK Dornbirn"]
[BlackTeam "SV OEkothek St. Veit/Glan"]

1.e4 e6 2.d4 d5 3.Nd2 c5 4.exd5 Qxd5 5.dxc5 Bxc5 6.Ngf3 Nf6 7.Bc4 Qd6 8.Qe2 Nc6 9.Nb3
Bb6 10.Bg5 e5 11.Rd1 Qe7 12.h3 O-O 13.O-O Bf5 14.c3 h6 15.Bh4 Rfe8 16.Rfe1 g5 17.Nxg5
hxg5 18.Bxg5 Kg7 19.Qf3 Bg6 20.h4 e4 21.Qg3 Ne5 22.Bb5 Rh8 23.Nd4 Bc7 24.Bf4 Kf8 25.Qh3
Nf3+ 26.Nxf3 Bxf4 27.Nd4 a6 28.Bf1 Bh5 29.Be2 Bxe2 30.Rxe2 Rd8 31.Rde1 Qd7 32.Qf5
Qxf5 33.Nxf5 Rh5 34.Nd4 Be5 35.Nc2 Rxh4 36.Ne3 Rh5 37.g3 Kg7 38.Ng2 Bc7 39.Rc2 Rhd5
40.Ne3 Rd2 41.Re2 Rxc2 42.Rxc2 Nd5 0-1

[Event "Frauenbundesliga 2017-2018"]
[Site "Feffernitz, Grieskirchen, St. Veit/Glan"]
[Date "2018.04.08"]
[Round "9"]
[Board "3"]
[White "Kirschenhofer, Sabine"]
[Black "Tarmastin, Laura"]
[Result "1-0"]
[WhiteElo "1536"]
[BlackElo "1883"]
[PlyCount "95"]
[EventDate "2017.11.24"]
[EventType "team"]
[EventRounds "9"]
[EventCountry "AUT"]
[WhiteTeam "SK Dornbirn"]
[BlackTeam "SV OEkothek St. Veit/Glan"]

1.d4 Nf6 2.c4 g6 3.Nf3 Bg7 4.Nc3 d6 5.e4 Nc6 6.d5 Ne5 7.Nxe5 dxe5 8.Be2 O-O 9.O-O
e6 10.a4 Ne8 11.b3 exd5 12.Ba3 Nd6 13.Qxd5 Be6 14.Qd3 Re8 15.Rfd1 Bf8 16.Qg3 Bd7 17.c5
Nc8 18.Bg4 Nd6 19.cxd6 cxd6 20.Bxd7 Qxd7 21.Nd5 Bg7 22.Rac1 Rec8 23.Qg5 Kf8 24.Qe3
Ke8 25.h3 Rc6 26.Rc3 f6 27.Rdc1 Rac8 28.Nb4 Bh6 29.Qxh6 Rxc3 30.Rxc3 Rxc3 31.Nd5 Qc6
32.Nxc3 Qxc3 33.Bxd6 Kd7 34.Bf8 Qe1+ 35.Kh2 Qxf2 36.Qxh7+ Kc6 37.Qxg6 Kb6 38.Qf5 Qh4
39.b4 Kc7 40.a5 Kd8 41.Bc5 a6 42.Bf2 Qh6 43.Qf3 Ke7 44.Qg4 Kd8 45.Qg8+ Ke7 46.Bc5+
Kd7 47.Qf7+ Kc6 48.Qd5+ 1-0

[Event "Frauenbundesliga 2017-2018"]
[Site "Feffernitz, Grieskirchen, St. Veit/Glan"]
[Date "2018.04.08"]
[Round "9"]
[Board "4"]
[White "Krassnitzer, Maria"]
[Black "Bas, Aydan"]
[Result "1/2-1/2"]
[WhiteElo "1620"]
[BlackElo "1497"]
[PlyCount "61"]
[EventDate "2017.11.24"]
[EventType "team"]
[EventRounds "9"]
[EventCountry "AUT"]
[WhiteTeam "SV OEkothek St. Veit/Glan"]
[BlackTeam "SK Dornbirn"]

1.d4 Nf6 2.Nf3 g6 3.Bf4 Bg7 4.h3 d6 5.e3 O-O 6.Bc4 Nc6 7.O-O Re8 8.c3 Nh5 9.Bh2 Bd7
10.Nbd2 e5 11.dxe5 dxe5 12.Ne4 Nf6 13.Nfg5 Rf8 14.Nxf7 Rxf7 15.Bxf7+ Kxf7 16.Ng5+
Kf8 17.Qb3 Qe7 18.Rad1 h6 19.Nf3 Rb8 20.Nh4 Be8 21.Nf3 Bf7 22.Qc2 Re8 23.Rd2 Nd5 24.Rfd1
Nb6 25.b3 Kg8 26.Bg3 g5 27.Qf5 Be6 28.Qg6 Bf7 29.Qf5 Be6 30.Qg6 Bf7 31.Qf5 1/2-1/2